000 00821nam a2200229Ii 4500
003 JO-AjNU
008 230605s9999||||xx |||||||||||||| ||und||
017 _a2007/5/1306
020 _a978-9957-32-340-0
040 _aJO-AjNU
_bara
_erda
_cJO-AjNU
041 _aara
050 1 4 _aHD3856.A7.T35.2008
100 3 _aطلحة،احمد عثمان,
_eauthor
_928748
245 0 0 _aادارة المؤسسات العاملة في الدول النامية:منظور استراتيجي
250 _aط1
264 3 1 _aعمان:دار الحامد للنشر والتوزيع،2008
300 _a211ص
336 _atext
_btxt
_2rdacontent
337 _aunmediated
_bn
_2rdamedia
338 _avolume
_bnc
_2rdacarrier
650 4 _aادارة اعمال-المؤسسات العامة-البلدان النامية
_928749
999 _aA11188
_c14756
_d14756